Statistics for Montana Cities With Passenger Airports

Click here to take the quiz!

General Stats

  • This quiz has been taken 44 times
  • The average score is 8 of 12

Answer Stats

HintAnswer% Correct
BILBillings
100%
HLNHelena
100%
BZNBozeman
95%
MSOMissoula
89%
GTFGreat Falls
84%
BTMButte
79%
FCAKalispell
63%
GGWGlasgow
47%
GDVGlendive
47%
SDYSidney
47%
WYSWest Yellowstone
42%
OLFWolf Point
29%

Score Distribution

Percentile by Number Answered

Percent of People with Each Score

Your Score History

You have not taken this quiz